<?xml version="1.0" encoding="UTF-8"?>
<record
    xmlns:xsi="http://www.w3.org/2001/XMLSchema-instance"
    xsi:schemaLocation="http://www.loc.gov/MARC21/slim http://www.loc.gov/standards/marcxml/schema/MARC21slim.xsd"
    xmlns="http://www.loc.gov/MARC21/slim">

  <leader>00657nam a2200229 i 4500</leader>
  <controlfield tag="001">C2-0282974</controlfield>
  <controlfield tag="003">PPAK</controlfield>
  <controlfield tag="005">20180728013215.0</controlfield>
  <controlfield tag="008">071107s2007    my a|||| |||||  |   may d</controlfield>
  <datafield tag="020" ind1=" " ind2=" ">
    <subfield code="a">9789676120677</subfield>
  </datafield>
  <datafield tag="040" ind1=" " ind2=" ">
    <subfield code="a">PPAK</subfield>
    <subfield code="b">eng</subfield>
    <subfield code="c">PPAK</subfield>
    <subfield code="e">rda</subfield>
  </datafield>
  <datafield tag="082" ind1="0" ind2="4">
    <subfield code="a">641.5593</subfield>
    <subfield code="2">23</subfield>
  </datafield>
  <datafield tag="090" ind1="0" ind2="0">
    <subfield code="a">641.5593</subfield>
    <subfield code="b">MAS</subfield>
    <subfield code="d">R</subfield>
  </datafield>
  <datafield tag="245" ind1="0" ind2="0">
    <subfield code="a">Masakan Thai : </subfield>
    <subfield code="b">sihat &amp; mudah</subfield>
  </datafield>
  <datafield tag="264" ind1=" " ind2="1">
    <subfield code="a">Kuala Lumpur : </subfield>
    <subfield code="b">Utusan Publications &amp; Distributors Sdn Bhd , </subfield>
    <subfield code="c">2007</subfield>
  </datafield>
  <datafield tag="300" ind1=" " ind2=" ">
    <subfield code="a">202 pages : </subfield>
    <subfield code="b">colour illustrations ; </subfield>
    <subfield code="c">30 cm</subfield>
  </datafield>
  <datafield tag="336" ind1=" " ind2=" ">
    <subfield code="2">rdacontent</subfield>
    <subfield code="a">text</subfield>
  </datafield>
  <datafield tag="337" ind1=" " ind2=" ">
    <subfield code="2">rdamedia</subfield>
    <subfield code="a">unmediated</subfield>
  </datafield>
  <datafield tag="338" ind1=" " ind2=" ">
    <subfield code="2">rdacarrier</subfield>
    <subfield code="a">volume</subfield>
  </datafield>
  <datafield tag="650" ind1="1" ind2="0">
    <subfield code="a">Recipes - Thai</subfield>
  </datafield>
  <datafield tag="942" ind1=" " ind2=" ">
    <subfield code="d">dc</subfield>
    <subfield code="c">B</subfield>
  </datafield>
  <datafield tag="999" ind1=" " ind2=" ">
    <subfield code="c">89172</subfield>
    <subfield code="d">89172</subfield>
  </datafield>
  <datafield tag="952" ind1=" " ind2=" ">
    <subfield code="0">0</subfield>
    <subfield code="7">1</subfield>
    <subfield code="b">PPAK</subfield>
    <subfield code="c">R</subfield>
    <subfield code="d">2008-01-29</subfield>
    <subfield code="o">R 641.5593 MAS</subfield>
    <subfield code="p">A01230588</subfield>
    <subfield code="r">2018-05-09 00:00:00</subfield>
    <subfield code="y">B</subfield>
  </datafield>
  <datafield tag="952" ind1=" " ind2=" ">
    <subfield code="0">0</subfield>
    <subfield code="7">1</subfield>
    <subfield code="b">SP</subfield>
    <subfield code="c">R</subfield>
    <subfield code="d">2008-01-29</subfield>
    <subfield code="o">R 641.5593 MAS</subfield>
    <subfield code="p">A01230589</subfield>
    <subfield code="r">2018-05-09 00:00:00</subfield>
    <subfield code="y">B</subfield>
  </datafield>
  <datafield tag="952" ind1=" " ind2=" ">
    <subfield code="0">0</subfield>
    <subfield code="7">1</subfield>
    <subfield code="b">JT</subfield>
    <subfield code="c">R</subfield>
    <subfield code="d">2008-01-29</subfield>
    <subfield code="o">R 641.5593 MAS</subfield>
    <subfield code="p">A01230590</subfield>
    <subfield code="r">2018-05-09 00:00:00</subfield>
    <subfield code="y">B</subfield>
  </datafield>
  <datafield tag="952" ind1=" " ind2=" ">
    <subfield code="0">0</subfield>
    <subfield code="7">1</subfield>
    <subfield code="b">LW</subfield>
    <subfield code="c">R</subfield>
    <subfield code="d">2008-01-29</subfield>
    <subfield code="o">R 641.5593 MAS</subfield>
    <subfield code="p">A01230591</subfield>
    <subfield code="r">2018-05-09 00:00:00</subfield>
    <subfield code="y">B</subfield>
  </datafield>
  <datafield tag="952" ind1=" " ind2=" ">
    <subfield code="0">0</subfield>
    <subfield code="7">1</subfield>
    <subfield code="b">YN</subfield>
    <subfield code="c">R</subfield>
    <subfield code="d">2008-01-29</subfield>
    <subfield code="o">R 641.5593 MAS</subfield>
    <subfield code="p">A01230593</subfield>
    <subfield code="r">2018-05-09 00:00:00</subfield>
    <subfield code="y">B</subfield>
  </datafield>
  <datafield tag="952" ind1=" " ind2=" ">
    <subfield code="0">0</subfield>
    <subfield code="7">1</subfield>
    <subfield code="b">SK</subfield>
    <subfield code="c">R</subfield>
    <subfield code="d">2008-01-29</subfield>
    <subfield code="o">R 641.5593 MAS</subfield>
    <subfield code="p">A01230594</subfield>
    <subfield code="r">2018-05-09 00:00:00</subfield>
    <subfield code="y">B</subfield>
  </datafield>
  <datafield tag="952" ind1=" " ind2=" ">
    <subfield code="0">0</subfield>
    <subfield code="7">1</subfield>
    <subfield code="b">BL</subfield>
    <subfield code="c">R</subfield>
    <subfield code="d">2008-01-29</subfield>
    <subfield code="o">R 641.5593 MAS</subfield>
    <subfield code="p">A01230595</subfield>
    <subfield code="r">2018-05-09 00:00:00</subfield>
    <subfield code="y">B</subfield>
  </datafield>
  <datafield tag="952" ind1=" " ind2=" ">
    <subfield code="0">0</subfield>
    <subfield code="7">1</subfield>
    <subfield code="b">BB</subfield>
    <subfield code="c">R</subfield>
    <subfield code="d">2008-01-29</subfield>
    <subfield code="o">R 641.5593 MAS</subfield>
    <subfield code="p">A01230596</subfield>
    <subfield code="r">2020-08-17 00:00:00</subfield>
    <subfield code="y">B</subfield>
  </datafield>
  <datafield tag="952" ind1=" " ind2=" ">
    <subfield code="0">0</subfield>
    <subfield code="7">1</subfield>
    <subfield code="b">KN</subfield>
    <subfield code="c">R</subfield>
    <subfield code="d">2008-01-29</subfield>
    <subfield code="o">R 641.5593 MAS</subfield>
    <subfield code="p">A01230597</subfield>
    <subfield code="r">2018-05-09 00:00:00</subfield>
    <subfield code="y">B</subfield>
  </datafield>
  <datafield tag="952" ind1=" " ind2=" ">
    <subfield code="0">0</subfield>
    <subfield code="7">1</subfield>
    <subfield code="b">SK</subfield>
    <subfield code="c">R</subfield>
    <subfield code="d">2008-01-29</subfield>
    <subfield code="o">R 641.5593 MAS</subfield>
    <subfield code="p">A01230598</subfield>
    <subfield code="r">2018-05-09 00:00:00</subfield>
    <subfield code="y">B</subfield>
  </datafield>
  <datafield tag="952" ind1=" " ind2=" ">
    <subfield code="0">0</subfield>
    <subfield code="7">1</subfield>
    <subfield code="b">MR</subfield>
    <subfield code="c">R</subfield>
    <subfield code="d">2008-01-29</subfield>
    <subfield code="o">R 641.5593 MAS</subfield>
    <subfield code="p">A01230599</subfield>
    <subfield code="r">2018-05-09 00:00:00</subfield>
    <subfield code="y">B</subfield>
  </datafield>
</record>
